[Event "subzonal 9B"]
[Site "Santiago CHI"]
[Date "1989.11.??"]
[Round "1"]
[White "Gamarra Caceres, Carlos"]
[Black "Salazar Jacob, Hernan"]
[Result "1/2-1/2"]
[WhiteElo "2280"]
[BlackElo "2345"]
[EventDate "1989.11.01"]
[PlyCount "109"]

1.d4 e6 2.c4 f5 3.Nf3 Nf6 4.g3 d5 5.Bg2 c6 6.O-O Bd6 7.Bf4 Bxf4 8.gxf4 O-O
9.Qd3 Ne4 10.Nc3 Nd7 11.cxd5 exd5 12.Ne5 Qh4 13.e3 Nxe5 14.fxe5 Nxc3 15.
bxc3 f4 16.e4 f3 17.Bxf3 Bh3 18.exd5 Bxf1 19.Rxf1 Qh3 20.Be4 Qxd3 21.Bxd3 
cxd5 22.c4 Rf4 23.cxd5 Rg4+ 24.Kh1 Rxd4 25.Bf5 Kf8 26.Be6 b5 27.f4 a5 28.
d6 b4 29.f5 a4 30.f6 b3 31.axb3 a3 32.Rg1 g6 33.d7 a2 34.Ra1 Ra5 35.Bh3 
Rxe5 36.Rxa2 Kf7 37.Rf2 Re1+ 38.Kg2 h5 39.Kg3 Re3+ 40.Kg2 g5 41.Bf5 Kxf6 
42.b4 Re5 43.Bc2+ Ke7 44.Ba4 Rg4+ 45.Kf1 Rf4 46.Rxf4 gxf4 47.Bc6 Re3 48.b5
Rb3 49.Kf2 h4 50.Kg2 h3+ 51.Kf2 Kd8 52.Ke2 Re3+ 53.Kf2 Re6 54.Kf3 Rf6 55.
Kf2 1/2-1/2

[Event "subzonal 9B"]
[Site "Santiago CHI"]
[Date "1989.11.??"]
[Round "1"]
[White "Van Riemsdijk, Herman Claudius"]
[Black "Milos, Gilberto"]
[Result "0-1"]
[WhiteElo "2350"]
[BlackElo "2510"]
[EventDate "1989.11.01"]
[PlyCount "76"]

1.Nf3 c5 2.c4 g6 3.g3 Bg7 4.Bg2 Nc6 5.Nc3 d6 6.d3 e5 7.Rb1 Nge7 8.h4 h6 9.
Bd2 O-O 10.Qc1 Kh7 11.a3 a5 12.O-O f5 13.Ne1 f4 14.gxf4 Bg4 15.fxe5 dxe5 
16.f3 Bh5 17.Ne4 Nf5 18.Nc2 Ncd4 19.Nxd4 cxd4 20.b4 axb4 21.Rxb4 Ra7 22.
Qb2 Rf7 23.Rb1 Nxh4 24.Kf2 g5 25.Rh1 g4 26.Qc1 gxf3 27.Bxf3 Nxf3 28.exf3 
Rxf3+ 29.Kg2 Qe8 30.Rb6 Ra6 31.Rxa6 bxa6 32.Qe1 Rxd3 33.Rh3 Qg6+ 34.Ng3 
Bf3+ 35.Kh2 e4 36.Bb4 Be5 37.Bf8 h5 38.Be7 Rd1 0-1

[Event "subzonal 9B"]
[Site "Santiago CHI"]
[Date "1989.11.??"]
[Round "1"]
[White "Vasquez Schroder, Rodrigo"]
[Black "Morovic Fernandez, Ivan"]
[Result "1/2-1/2"]
[WhiteElo "2300"]
[BlackElo "2540"]
[EventDate "1989.11.01"]
[PlyCount "55"]

1.e4 c5 2.Nf3 d6 3.d4 cxd4 4.Nxd4 Nf6 5.Nc3 Nc6 6.Be2 e6 7.O-O Be7 8.Kh1 
Bd7 9.Nb3 a6 10.f4 b5 11.a3 O-O 12.Bf3 Rb8 13.g4 b4 14.axb4 Nxb4 15.Qe2 d5
16.e5 Ne4 17.Qg2 Nc5 18.Nd4 Nc6 19.Qf2 Qc7 20.Rd1 Rfc8 21.g5 Nxd4 22.Qxd4 
a5 23.Qf2 Ne4 24.Nxe4 dxe4 25.Bxe4 Bc6 26.Qf3 Bxe4 27.Qxe4 Qxc2 28.Qxc2 
1/2-1/2

[Event "subzonal 9B"]
[Site "Santiago CHI"]
[Date "1989.11.??"]
[Round "2"]
[White "Aguilar Novoa, Juan"]
[Black "Van Riemsdijk, Herman Claudius"]
[Result "0-1"]
[WhiteElo "2200"]
[BlackElo "2350"]
[EventDate "1989.11.01"]
[PlyCount "103"]

1.d4 Nf6 2.Nf3 c5 3.d5 d6 4.Nc3 g6 5.e4 Bg7 6.Bb5+ Nfd7 7.a4 Na6 8.O-O Nc7
9.Bg5 h6 10.Bh4 O-O 11.Re1 Nxb5 12.axb5 Re8 13.Bg3 Nb6 14.Qd3 Bg4 15.Nd2 
Bd7 16.Ra3 e5 17.Rea1 f5 18.f3 f4 19.Bf2 Nc8 20.Nc4 b6 21.Rb1 a5 22.Raa1 
Rf8 23.Kf1 Be8 24.Ke2 Ra7 25.Rg1 Raf7 26.Raf1 g5 27.h3 Kh8 28.Kd1 Bd7 29.
Kc1 Rf6 30.Na3 R8f7 31.Na2 Ne7 32.Nc3 Bf8 33.Na4 h5 34.Qb3 Rh7 35.Nc4 Nc8 
36.Be1 Qe8 37.Na3 Rg6 38.Kb1 g4 39.hxg4 hxg4 40.Rh1 g3 41.Rxh7+ Kxh7 42.
Rh1+ Rh6 43.Rxh6+ Kxh6 44.Ka2 Be7 45.Qd3 Qh5 46.Nc3 Qh1 47.Qd2 Kg6 48.Nc4 
Bh4 49.Kb3 Kf6 50.Na4 Qf1 51.Nc3 Ke7 52.Ka4 0-1

[Event "subzonal 9B"]
[Site "Santiago CHI"]
[Date "1989.11.??"]
[Round "2"]
[White "Gomez Baillo, Jorge"]
[Black "Morovic Fernandez, Ivan"]
[Result "1/2-1/2"]
[WhiteElo "2445"]
[BlackElo "2540"]
[EventDate "1989.11.01"]
[PlyCount "61"]

1.e4 e5 2.Nf3 Nc6 3.Bc4 Nf6 4.d3 Be7 5.O-O O-O 6.Bb3 d6 7.c3 Na5 8.Bc2 c5 
9.Re1 Nc6 10.a3 b5 11.h3 Qc7 12.Nbd2 Be6 13.d4 cxd4 14.cxd4 exd4 15.Nb3 
Bxb3 16.Bxb3 Qb6 17.Bf4 Nd7 18.Bd5 Nde5 19.Bxe5 dxe5 20.Rc1 Rac8 21.Qc2 d3
22.Qxd3 Bf6 23.b4 Ne7 24.Ba2 Rcd8 25.Qc3 Rc8 26.Qb3 Qb7 27.Rxc8 Nxc8 28.
Rc1 Nd6 29.Qd5 Qxd5 30.Bxd5 Rc8 31.Rxc8+ 1/2-1/2

[Event "subzonal 9B"]
[Site "Santiago CHI"]
[Date "1989.11.??"]
[Round "2"]
[White "Milos, Gilberto"]
[Black "Vasquez Schroder, Rodrigo"]
[Result "1-0"]
[WhiteElo "2510"]
[BlackElo "2300"]
[EventDate "1989.11.01"]
[PlyCount "85"]

1.e4 c5 2.Nf3 d6 3.d4 cxd4 4.Nxd4 Nf6 5.Nc3 e6 6.g3 a6 7.Bg2 Be7 8.O-O Qc7
9.a4 Nc6 10.b3 O-O 11.Bb2 Bd7 12.Nce2 Rab8 13.c4 Rfd8 14.Rc1 Be8 15.Re1 
Ne5 16.h3 Ng6 17.Kh1 Rbc8 18.Nc3 Qc5 19.Rc2 Rc7 20.Rce2 h6 21.Qd2 Qg5 22.
Re3 h5 23.f4 Qh6 24.f5 Nf8 25.Qe2 N6d7 26.fxe6 fxe6 27.Nf5 exf5 28.Nd5 Bg5
29.Nxc7 Bxe3 30.Qxe3 Qxe3 31.Rxe3 fxe4 32.Bxe4 Bf7 33.Bxb7 Nc5 34.Bd5 Rb8 
35.Re7 Bxd5+ 36.Nxd5 Nfe6 37.b4 Nxa4 38.Ba1 a5 39.Rxe6 axb4 40.Re7 b3 41.
Bxg7 Kh7 42.Nf4 Rc8 43.Bf6+ 1-0

[Event "subzonal 9B"]
[Site "Santiago CHI"]
[Date "1989.11.??"]
[Round "2"]
[White "Tempone, Marcelo"]
[Black "Gamarra Caceres, Carlos"]
[Result "1-0"]
[WhiteElo "2440"]
[BlackElo "2280"]
[EventDate "1989.11.01"]
[PlyCount "49"]

1.d4 Nf6 2.c4 g6 3.Nc3 d5 4.Nf3 Bg7 5.e3 O-O 6.Bd2 c5 7.dxc5 Na6 8.cxd5 
Nxd5 9.Bxa6 bxa6 10.Nxd5 Qxd5 11.Bc3 Bxc3+ 12.bxc3 Qxc5 13.Qd4 Qc6 14.O-O 
Bb7 15.Rfd1 Rfc8 16.Rab1 a5 17.c4 Qa6 18.Ne5 f6 19.Qd7 fxe5 20.Qxe7 Bc6 
21.Qe6+ Kg7 22.Rd7+ Kh6 23.Qh3+ Kg5 24.f4+ Kf6 25.fxe5+ 1-0

[Event "subzonal 9B"]
[Site "Santiago CHI"]
[Date "1989.11.??"]
[Round "3"]
[White "Van Riemsdijk, Herman Claudius"]
[Black "Salazar Jacob, Hernan"]
[Result "1-0"]
[WhiteElo "2350"]
[BlackElo "2345"]
[EventDate "1989.11.01"]
[PlyCount "83"]

1.e4 c5 2.Nf3 e6 3.d4 cxd4 4.Nxd4 Nf6 5.Nc3 d6 6.g4 h6 7.g5 hxg5 8.Bxg5 
Nc6 9.Qd2 Qb6 10.Nb3 a6 11.O-O-O Bd7 12.h4 Ne5 13.f4 Nf3 14.Qe2 Nxg5 15.
fxg5 Nh5 16.Qf3 g6 17.Bh3 Rh7 18.Bg4 O-O-O 19.Rd3 Kb8 20.Bxh5 gxh5 21.Nd4 
Rc8 22.Nce2 Ba4 23.Ra3 Qb4 24.Kb1 e5 25.c3 Qa5 26.Qf5 Rg7 27.b3 Qc7 28.
Rxa4 exd4 29.Rc4 Qd8 30.Rxc8+ Qxc8 31.Qxc8+ Kxc8 32.cxd4 Kd7 33.Nf4 Rh7 
34.Kc2 Bg7 35.Kd3 f6 36.g6 Rh8 37.Nd5 Rh6 38.Rg1 Ke6 39.Ne3 Rh8 40.Rc1 Rh6
41.Rc7 Rxg6 42.Nd5 1-0

[Event "subzonal 9B"]
[Site "Santiago CHI"]
[Date "1989.11.??"]
[Round "3"]
[White "Vasquez Schroder, Rodrigo"]
[Black "Aguilar Novoa, Juan"]
[Result "1/2-1/2"]
[WhiteElo "2300"]
[BlackElo "2200"]
[EventDate "1989.11.01"]
[PlyCount "150"]

1.e4 c5 2.Nf3 Nc6 3.d4 cxd4 4.Nxd4 Nf6 5.Nc3 d6 6.Be2 e5 7.Nf3 h6 8.O-O 
Be7 9.Re1 O-O 10.Bf1 Bg4 11.h3 Bh5 12.g4 Bg6 13.Bg2 Rc8 14.a3 Na5 15.Nd2 
a6 16.Nf1 Nc4 17.Qe2 b5 18.b3 Nxa3 19.Rxa3 Rxc3 20.Rxa6 b4 21.Ne3 Bxe4 22.
Bxe4 Nxe4 23.Nd5 Nc5 24.Ra7 Bf6 25.Nxc3 bxc3 26.Rd1 Qb6 27.Ra2 Qc6 28.Be3 
d5 29.b4 Ne6 30.b5 Qd6 31.Ra6 Qd7 32.Ra7 Qd6 33.Qf3 Rd8 34.Ra6 Qd7 35.Bb6 
Ng5 36.Qg2 Qxb5 37.Bxd8 Qxa6 38.Bxf6 Qxf6 39.Rxd5 Nf3+ 40.Kh1 Qf4 41.Rd1 
Kh7 42.Qg3 Qe4 43.Rd3 Nd2+ 44.Qg2 Qe1+ 45.Qg1 Qe4+ 46.f3 Qb4 47.Qe1 f6 48.
Kg2 Qc4 49.Qe3 Nb1 50.Qe4+ Qxe4 51.fxe4 Kg6 52.Kf2 Kg5 53.Rf3 Kg6 54.Rd3 
h5 55.gxh5+ Kxh5 56.Rd7 g6 57.Kg3 Kh6 58.Kf2 Na3 59.Rd3 Nxc2 60.Rxc3 Nd4 
61.Ra3 g5 62.Ra6 Kg6 63.Ke3 Kf7 64.Kd3 Ne6 65.Kc4 Nf4 66.Ra3 Ke7 67.Kc5 
Ke6 68.Rb3 Kd7 69.Rb7+ Ke6 70.Rb3 Kd7 71.Rc3 Ne2 72.Rd3+ Ke6 73.Rd6+ Ke7 
74.Rb6 Nf4 75.Rb3 Kd7 1/2-1/2

[Event "subzonal 9B"]
[Site "Santiago CHI"]
[Date "1989.11.??"]
[Round "4"]
[White "Aguilar Novoa, Juan"]
[Black "Morovic Fernandez, Ivan"]
[Result "1/2-1/2"]
[WhiteElo "2200"]
[BlackElo "2540"]
[EventDate "1989.11.01"]
[PlyCount "55"]

1.e4 e5 2.Nf3 Nc6 3.Bb5 a6 4.Ba4 Nf6 5.O-O Be7 6.Bxc6 dxc6 7.Qe1 Nd7 8.d4 
exd4 9.Nxd4 O-O 10.Nc3 Bf6 11.Be3 Qe7 12.f3 g6 13.Rd1 Ne5 14.Qe2 Bg7 15.h3
a5 16.f4 Nd7 17.Qf2 Nf6 18.Qf3 a4 19.a3 Re8 20.Bf2 Nd7 21.Rfe1 Nb6 22.e5 
Bd7 23.Nde2 Nc4 24.Ne4 Rad8 25.Bc5 Qh4 26.Bf2 Qe7 27.Bc5 Qh4 28.Bf2 
1/2-1/2

[Event "subzonal 9B"]
[Site "Santiago CHI"]
[Date "1989.11.??"]
[Round "4"]
[White "Salazar Jacob, Hernan"]
[Black "Vasquez Schroder, Rodrigo"]
[Result "1-0"]
[WhiteElo "2345"]
[BlackElo "2300"]
[EventDate "1989.11.01"]
[PlyCount "125"]

1.e4 c5 2.Nc3 d6 3.Nge2 Nf6 4.d4 cxd4 5.Nxd4 a6 6.a4 g6 7.Be2 Bg7 8.O-O 
O-O 9.Be3 Nc6 10.f4 Bd7 11.Bf3 Rb8 12.Kh1 Qc7 13.Nb3 Na5 14.e5 dxe5 15.
fxe5 Nc4 16.exf6 Nxe3 17.Nd5 Nxd1 18.Nxc7 Nxb2 19.fxg7 Rfc8 20.Nd5 Rxc2 
21.Nxe7+ Kxg7 22.a5 Re8 23.Nd5 Ba4 24.Nd4 Rd2 25.Ra2 Re5 26.Nc3 Rxd4 27.
Rxb2 Bc6 28.Ne2 Ra4 29.Ng3 f5 30.Kg1 Raxa5 31.Bxc6 bxc6 32.Rc1 Rab5 33.Ra2
Rb6 34.Rca1 c5 35.Rxa6 Rxa6 36.Rxa6 f4 37.Nf1 Re2 38.Ra4 g5 39.Rc4 Kg6 40.
Rxc5 g4 41.Rc3 h5 42.Rd3 Kg5 43.Rd5+ Kg6 44.Rd2 f3 45.gxf3 gxf3 46.Rd3 
Rg2+ 47.Kh1 Kg5 48.Rxf3 Ra2 49.Kg1 Kg4 50.Rf2 Ra3 51.Rg2+ Kf4 52.Rb2 Kg4 
53.Kg2 h4 54.h3+ Kg5 55.Rb5+ Kf4 56.Rb4+ Kg5 57.Rg4+ Kh5 58.Re4 Ra2+ 59.
Kf3 Kg5 60.Re5+ Kf6 61.Rh5 Ra4 62.Ne3 Kg6 63.Rc5 1-0

[Event "subzonal 9B"]
[Site "Santiago CHI"]
[Date "1989.11.??"]
[Round "4"]
[White "Tempone, Marcelo"]
[Black "Van Riemsdijk, Herman Claudius"]
[Result "1-0"]
[WhiteElo "2440"]
[BlackElo "2350"]
[EventDate "1989.11.01"]
[PlyCount "57"]

1.d4 Nf6 2.c4 c5 3.d5 b5 4.cxb5 a6 5.b6 d6 6.Nc3 Nbd7 7.e4 Nxb6 8.Bg5 e5 
9.Nf3 Be7 10.Be2 O-O 11.O-O Ne8 12.Be3 g6 13.Rb1 f5 14.b4 cxb4 15.Rxb4 Nd7
16.exf5 gxf5 17.g3 Nef6 18.Bh6 Qa5 19.Bxf8 Bxf8 20.Qa4 Qc5 21.Rc4 Qa7 22.
Qa5 Nc5 23.Rb1 Nce4 24.Nxe4 fxe4 25.Rc7 exf3 26.Rxa7 Rxa7 27.Bxf3 Rf7 28.
Rb8 Bh3 29.Bg2 1-0

[Event "subzonal 9B"]
[Site "Santiago CHI"]
[Date "1989.11.??"]
[Round "5"]
[White "Milos, Gilberto"]
[Black "Aguilar Novoa, Juan"]
[Result "1-0"]
[WhiteElo "2510"]
[BlackElo "2200"]
[EventDate "1989.11.01"]
[PlyCount "25"]

1.e4 e5 2.Nf3 Nc6 3.Bb5 a6 4.Bxc6 dxc6 5.O-O Bd6 6.d4 exd4 7.Qxd4 f6 8.Be3
Ne7 9.Nbd2 Bg4 10.e5 Bxf3 11.exd6 Nf5 12.Qf4 Bxg2 13.Qxf5 1-0

[Event "subzonal 9B"]
[Site "Santiago CHI"]
[Date "1989.11.??"]
[Round "5"]
[White "Van Riemsdijk, Herman Claudius"]
[Black "Gamarra Caceres, Carlos"]
[Result "1-0"]
[WhiteElo "2350"]
[BlackElo "2280"]
[EventDate "1989.11.01"]
[PlyCount "79"]

1.e4 c5 2.Nf3 d6 3.d4 cxd4 4.Nxd4 Nf6 5.Nc3 a6 6.Bg5 e6 7.Qf3 Nbd7 8.O-O-O
Qc7 9.Qg3 b5 10.Bxb5 axb5 11.Ndxb5 Qb8 12.Nxd6+ Bxd6 13.Qxd6 Qxd6 14.Rxd6 
O-O 15.Rhd1 h6 16.Bxf6 Nxf6 17.f3 e5 18.b4 Be6 19.a4 Rfc8 20.Kb2 Kf8 21.a5
Ke7 22.Na4 Nd7 23.c3 Ra7 24.a6 Rc4 25.Nb6 Nxb6 26.Rxb6 Rac7 27.Rd3 R4c6 
28.a7 Rxa7 29.Rxc6 Ra2+ 30.Kc1 Ra1+ 31.Kd2 Ra2+ 32.Ke3 Rxg2 33.Rc7+ Kf6 
34.Rd2 Rg1 35.Rb2 Re1+ 36.Kf2 Rh1 37.Kg2 Ra1 38.b5 Ra8 39.b6 Kg5 40.Ra7 
1-0

[Event "subzonal 9B"]
[Site "Santiago CHI"]
[Date "1989.11.??"]
[Round "5"]
[White "Vasquez Schroder, Rodrigo"]
[Black "Tempone, Marcelo"]
[Result "1/2-1/2"]
[WhiteElo "2300"]
[BlackElo "2440"]
[EventDate "1989.11.01"]
[PlyCount "33"]

1.e4 d5 2.exd5 Qxd5 3.d4 Nf6 4.Nc3 Qa5 5.Bf4 c6 6.Bc4 Bf5 7.Nf3 e6 8.O-O 
Nbd7 9.Re1 Be7 10.Bb3 O-O 11.Ne5 Nxe5 12.dxe5 Nd5 13.Bd2 Nxc3 14.Bxc3 Bb4 
15.Bxb4 Qxb4 16.Qe2 a5 17.c3 1/2-1/2

[Event "subzonal 9B"]
[Site "Santiago CHI"]
[Date "1989.11.??"]
[Round "6"]
[White "Gamarra Caceres, Carlos"]
[Black "Vasquez Schroder, Rodrigo"]
[Result "0-1"]
[WhiteElo "2280"]
[BlackElo "2300"]
[EventDate "1989.11.01"]
[PlyCount "102"]

1.d4 Nf6 2.c4 e6 3.Nc3 Bb4 4.Qc2 c5 5.dxc5 O-O 6.a3 Bxc5 7.Nf3 b6 8.Bg5 
Bb7 9.e3 h6 10.Bh4 Be7 11.Be2 d6 12.O-O Nbd7 13.Rfd1 a6 14.b4 Rc8 15.Rac1 
Qc7 16.Qb2 Rfd8 17.Nd2 Ne5 18.Bg3 Ba8 19.e4 Qa7 20.h3 g5 21.Kh2 Ng6 22.f3 
Nh5 23.Bf2 Qb8 24.g3 Bf6 25.Qb3 Be5 26.Nf1 Nf6 27.Na4 Nd7 28.c5 bxc5 29.
Bxa6 Bb7 30.Bxb7 Qxb7 31.b5 Ra8 32.Nc3 Ra5 33.Ne3 Nb6 34.Ng4 Rda8 35.Nb1 
Nd7 36.Nxe5 Ndxe5 37.b6 Qc6 38.Rc2 Rb5 39.Qe3 Qxb6 40.f4 Rxb1 41.Rxb1 Qxb1
42.Rc1 Qb2 43.Rc3 gxf4 44.gxf4 Nxf4 45.Rb3 Qa2 46.Kg3 Nc4 47.Qf3 Nd2 48.
Qxf4 Qxb3+ 49.Kh4 Rxa3 50.Qg4+ Kh7 51.e5 Ra4 0-1

[Event "subzonal 9B"]
[Site "Santiago CHI"]
[Date "1989.11.??"]
[Round "6"]
[White "Gomez Baillo, Jorge"]
[Black "Aguilar Novoa, Juan"]
[Result "1/2-1/2"]
[WhiteElo "2445"]
[BlackElo "2200"]
[EventDate "1989.11.01"]
[PlyCount "27"]

1.e4 c5 2.Nf3 d6 3.c3 Nf6 4.Be2 g6 5.O-O Bg7 6.Re1 O-O 7.Bf1 Nc6 8.h3 e5 
9.d3 h6 10.Be3 b6 11.b4 Kh7 12.b5 Ne7 13.Nbd2 Nh5 14.Nc4 1/2-1/2

[Event "subzonal 9B"]
[Site "Santiago CHI"]
[Date "1989.11.??"]
[Round "6"]
[White "Tempone, Marcelo"]
[Black "Morovic Fernandez, Ivan"]
[Result "1/2-1/2"]
[WhiteElo "2440"]
[BlackElo "2540"]
[EventDate "1989.11.01"]
[PlyCount "53"]

1.d4 f5 2.Nf3 Nf6 3.g3 g6 4.c3 Bg7 5.Qb3 e6 6.Bg2 O-O 7.O-O Nc6 8.Nbd2 d5 
9.Ne1 e5 10.dxe5 Nxe5 11.Ndf3 Nxf3+ 12.Nxf3 Qe7 13.Be3 c6 14.Qb4 Qxb4 15.
cxb4 Re8 16.Rfe1 Rxe3 17.fxe3 Ng4 18.b5 Bd7 19.bxc6 bxc6 20.Rad1 Bh6 21.h3
Nxe3 22.Ne5 Be8 23.Rd3 Kg7 24.Kf2 Kf6 25.Nf3 Nc4 26.Rb3 c5 27.g4 1/2-1/2

[Event "subzonal 9B"]
[Site "Santiago CHI"]
[Date "1989.11.??"]
[Round "7"]
[White "Aguilar Novoa, Juan"]
[Black "Salazar Jacob, Hernan"]
[Result "1/2-1/2"]
[WhiteElo "2200"]
[BlackElo "2345"]
[EventDate "1989.11.01"]
[PlyCount "50"]

1.d4 d5 2.Nf3 c5 3.dxc5 Nf6 4.a3 a5 5.c4 e6 6.Bg5 Bxc5 7.e3 h6 8.Bh4 g5 9.
Bg3 Ne4 10.Nbd2 Nxg3 11.hxg3 Nc6 12.Qc2 Bf8 13.cxd5 exd5 14.Qc3 Rg8 15.Bb5
Bd7 16.O-O g4 17.Nh4 Be7 18.Rfd1 Bxh4 19.gxh4 Qxh4 20.Nf1 Qg5 21.Qc5 d4 
22.exd4 Qxc5 23.dxc5 Rg5 24.Ng3 Rxc5 25.Ne4 Re5 1/2-1/2

[Event "subzonal 9B"]
[Site "Santiago CHI"]
[Date "1989.11.??"]
[Round "7"]
[White "Milos, Gilberto"]
[Black "Tempone, Marcelo"]
[Result "1/2-1/2"]
[WhiteElo "2510"]
[BlackElo "2440"]
[EventDate "1989.11.01"]
[PlyCount "21"]

1.d4 d5 2.c4 c6 3.cxd5 cxd5 4.Nc3 Nc6 5.Nf3 Nf6 6.Bf4 e6 7.e3 Bd6 8.Bxd6 
Qxd6 9.Bd3 O-O 10.O-O Bd7 11.Rc1 1/2-1/2

[Event "subzonal 9B"]
[Site "Santiago CHI"]
[Date "1989.11.??"]
[Round "7"]
[White "Morovic Fernandez, Ivan"]
[Black "Gamarra Caceres, Carlos"]
[Result "1-0"]
[WhiteElo "2540"]
[BlackElo "2280"]
[EventDate "1989.11.01"]
[PlyCount "53"]

1.c4 e5 2.Nc3 Nc6 3.e3 f5 4.d4 d6 5.d5 Nb8 6.e4 Nf6 7.exf5 Bxf5 8.Nge2 
Nbd7 9.Ng3 Bg6 10.h4 Be7 11.h5 Bf7 12.Nf5 O-O 13.g4 Nc5 14.g5 Nxh5 15.Rxh5
Bxh5 16.Nxe7+ Qxe7 17.Qxh5 g6 18.Qg4 Rae8 19.Be2 e4 20.Be3 Qe5 21.O-O-O 
Rf5 22.Kc2 a5 23.Rd4 a4 24.Bf1 Re7 25.a3 Qh2 26.Nxe4 Kg7 27.Qg2 1-0

[Event "subzonal 9B"]
[Site "Santiago CHI"]
[Date "1989.11.??"]
[Round "7"]
[White "Van Riemsdijk, Herman Claudius"]
[Black "Gomez Baillo, Jorge"]
[Result "1-0"]
[WhiteElo "2350"]
[BlackElo "2445"]
[EventDate "1989.11.01"]
[PlyCount "95"]

1.e4 c6 2.c4 d5 3.exd5 Nf6 4.Nc3 cxd5 5.cxd5 Nxd5 6.Nf3 Nc6 7.d4 Bg4 8.Qb3
Bxf3 9.gxf3 Nb6 10.Be3 e6 11.O-O-O Be7 12.d5 exd5 13.Nxd5 Nxd5 14.Rxd5 Qc7
15.Kb1 O-O 16.f4 Nb4 17.Rd4 Rfd8 18.Rxd8+ Rxd8 19.Bc4 Bd6 20.Rg1 Qd7 21.a3
Qf5+ 22.Ka1 Nc2+ 23.Ka2 Nxe3 24.fxe3 Qf6 25.Qxb7 Bc5 26.Re1 g6 27.Re2 Rd1 
28.Qc8+ Bf8 29.Bb3 Rd3 30.Qc7 Qe7 31.Qc4 Qd7 32.e4 Bh6 33.e5 Rd4 34.Qc3 
Rd3 35.e6 fxe6 36.Bxe6+ Qxe6+ 37.Rxe6 Rxc3 38.bxc3 Bxf4 39.h3 Kf7 40.Re4 
g5 41.Kb3 Kf6 42.Kc4 Bd6 43.Kd5 Bxa3 44.c4 Bc1 45.c5 Bf4 46.c6 Bh2 47.Re6+
Kf7 48.Rd6 1-0

[Event "subzonal 9B"]
[Site "Santiago CHI"]
[Date "1989.11.??"]
[Round "8"]
[White "Gamarra Caceres, Carlos"]
[Black "Milos, Gilberto"]
[Result "1/2-1/2"]
[WhiteElo "2280"]
[BlackElo "2510"]
[EventDate "1989.11.01"]
[PlyCount "54"]

1.d4 Nf6 2.c4 c5 3.d5 b5 4.cxb5 a6 5.e3 g6 6.Nc3 d6 7.Nf3 Bg7 8.a4 O-O 9.
Ra3 Nbd7 10.Qb3 Ne8 11.Nd2 axb5 12.axb5 Bb7 13.Nc4 Bxc3+ 14.Qxc3 Nef6 15.
Na5 Qb6 16.Nxb7 Qxb7 17.Be2 Nxd5 18.Qd2 Nb4 19.O-O Nf6 20.e4 Nxe4 21.Qh6 
Rxa3 22.bxa3 Nc2 23.Bb2 Nd4 24.Bd3 d5 25.a4 Qa8 26.Ra1 e5 27.Qe3 Re8 
1/2-1/2

[Event "subzonal 9B"]
[Site "Santiago CHI"]
[Date "1989.11.??"]
[Round "8"]
[White "Gomez Baillo, Jorge"]
[Black "Salazar Jacob, Hernan"]
[Result "1-0"]
[WhiteElo "2445"]
[BlackElo "2345"]
[EventDate "1989.11.01"]
[PlyCount "87"]

1.e4 c5 2.Nf3 e6 3.d4 cxd4 4.Nxd4 Nf6 5.Nc3 d6 6.Be2 a6 7.O-O Be7 8.f4 Qc7
9.Bf3 O-O 10.Be3 Nc6 11.Nxc6 bxc6 12.Na4 Nd7 13.c4 c5 14.Nc3 Bb7 15.Qc2 
Nb8 16.Rad1 Nc6 17.Kh1 Rac8 18.b3 Bf6 19.e5 Nb4 20.Qb1 Bxf3 21.Rxf3 dxe5 
22.Ne4 Be7 23.fxe5 Qxe5 24.Bf4 Qh5 25.Rh3 Qg6 26.Rg3 Qh5 27.Bd6 Rfd8 28.
Rd2 Kf8 29.Qb2 e5 30.Rg5 Qxg5 31.Nxg5 Rxd6 32.Rxd6 Bxd6 33.Qf2 f6 34.Qf5 
Re8 35.a3 Nc2 36.Nxh7+ Kg8 37.Nxf6+ gxf6 38.Qg6+ Kf8 39.Qxf6+ Kg8 40.Qg6+ 
Kf8 41.Qxd6+ Re7 42.Qf6+ Ke8 43.Qg6+ Rf7 44.h4 1-0

[Event "subzonal 9B"]
[Site "Santiago CHI"]
[Date "1989.11.??"]
[Round "8"]
[White "Tempone, Marcelo"]
[Black "Aguilar Novoa, Juan"]
[Result "1-0"]
[WhiteElo "2440"]
[BlackElo "2200"]
[EventDate "1989.11.01"]
[PlyCount "81"]

1.d4 Nf6 2.c4 c5 3.d5 e6 4.Nc3 exd5 5.cxd5 d6 6.Nf3 g6 7.Bf4 Bg7 8.Qa4+ 
Bd7 9.Qb3 b5 10.Bxd6 Qb6 11.Be5 O-O 12.e3 c4 13.Qd1 b4 14.Nb1 Bb5 15.Nbd2 
Nbd7 16.Bd4 Qc7 17.Bxc4 Bxc4 18.Rc1 Nb6 19.Nxc4 Nxc4 20.b3 Nxe3 21.fxe3 
Qa5 22.d6 Rfd8 23.Ne5 Qd5 24.O-O Qxd6 25.Qf3 Qd5 26.Nc6 Qxf3 27.Rxf3 Rxd4 
28.exd4 Nd5 29.Rc5 Nc3 30.d5 a5 31.d6 Bf8 32.Ne7+ Kg7 33.Rc8 Ra6 34.Rd3 
Ne2+ 35.Kf1 Nf4 36.Rd1 Ra7 37.Rc7 Ra8 38.Rc8 Ra7 39.Rxf8 Kxf8 40.d7 Ne6 
41.Nc6 1-0

[Event "subzonal 9B"]
[Site "Santiago CHI"]
[Date "1989.11.??"]
[Round "8"]
[White "Van Riemsdijk, Herman Claudius"]
[Black "Vasquez Schroder, Rodrigo"]
[Result "1-0"]
[WhiteElo "2350"]
[BlackElo "2300"]
[EventDate "1989.11.01"]
[PlyCount "99"]

1.e4 e6 2.d4 d5 3.Nc3 Bb4 4.e5 c5 5.a3 Bxc3+ 6.bxc3 Ne7 7.h4 Qc7 8.Nf3 b6 
9.h5 h6 10.Bb5+ Bd7 11.Bd3 Nbc6 12.O-O c4 13.Be2 f6 14.exf6 gxf6 15.Nh4 
O-O-O 16.Be3 Rdg8 17.Qd2 e5 18.dxe5 Nxe5 19.Bf4 Rh7 20.Bg3 Qc5 21.Qf4 Rf7 
22.Ng6 Rfg7 23.Nxe7+ Qxe7 24.Rad1 Be6 25.Rd4 Rg5 26.Rfd1 Kb7 27.a4 Qf7 28.
a5 b5 29.Rb1 Ka6 30.Qe3 Qc7 31.Rf4 Qe7 32.Rh4 Bf5 33.Rd1 Be4 34.Rxe4 dxe4 
35.Qxe4 Qc5 36.Rd5 Qc7 37.Qd4 Kxa5 38.Rd6 Rxg3 39.fxg3 Rxg3 40.Qd1 Rxc3 
41.Qa1+ Kb4 42.Rd5 Qa5 43.Qb2+ Ka4 44.Rd6 b4 45.Qa1+ Ra3 46.Qd4 Ra2 47.
Rxf6 Ka3 48.Bxc4 Nxc4 49.Qd3+ Ka4 50.Qxc4 1-0

[Event "subzonal 9B"]
[Site "Santiago CHI"]
[Date "1989.11.??"]
[Round "9"]
[White "Aguilar Novoa, Juan"]
[Black "Gamarra Caceres, Carlos"]
[Result "1/2-1/2"]
[WhiteElo "2200"]
[BlackElo "2280"]
[EventDate "1989.11.01"]
[PlyCount "33"]

1.d4 Nf6 2.Nf3 g6 3.g3 Bg7 4.Bg2 d5 5.O-O O-O 6.c4 c6 7.cxd5 cxd5 8.Nc3 e6
9.Ne5 Nfd7 10.f4 Nc6 11.e3 Nb6 12.b3 a5 13.a4 Bd7 14.Ba3 Nb4 15.Nd3 Rc8 
16.Qd2 Qc7 17.Rfc1 1/2-1/2

[Event "subzonal 9B"]
[Site "Santiago CHI"]
[Date "1989.11.??"]
[Round "9"]
[White "Morovic Fernandez, Ivan"]
[Black "Van Riemsdijk, Herman Claudius"]
[Result "1-0"]
[WhiteElo "2540"]
[BlackElo "2350"]
[EventDate "1989.11.01"]
[PlyCount "57"]

1.Nf3 d5 2.d4 Nc6 3.c4 Bg4 4.cxd5 Bxf3 5.gxf3 Qxd5 6.e3 e5 7.Nc3 Bb4 8.Bd2
Bxc3 9.bxc3 Qd6 10.f4 exf4 11.e4 Nge7 12.Bg2 Rd8 13.e5 Qh6 14.Rb1 Qg6 15.
O-O b6 16.Bxf4 Nd5 17.Bd2 O-O 18.f4 Qd3 19.Rf3 Qc4 20.Bf1 Qxa2 21.Ra1 Qb2 
22.Be1 Na5 23.c4 Ne7 24.Bc3 Qb3 25.Qe2 Qxc4 26.Qxc4 Nxc4 27.Bxc4 a5 28.f5 
Nd5 29.Bb2 1-0

[Event "subzonal 9B"]
[Site "Santiago CHI"]
[Date "1989.11.??"]
[Round "9"]
[White "Vasquez Schroder, Rodrigo"]
[Black "Gomez Baillo, Jorge"]
[Result "1-0"]
[WhiteElo "2300"]
[BlackElo "2445"]
[EventDate "1989.11.01"]
[PlyCount "83"]

1.e4 e6 2.d4 d5 3.Nc3 Nf6 4.e5 Nfd7 5.f4 c5 6.Nf3 Nc6 7.Be3 cxd4 8.Nxd4 
Bc5 9.Qd2 O-O 10.O-O-O a6 11.h4 Bxd4 12.Bxd4 b5 13.Qe3 Nxd4 14.Qxd4 Bb7 
15.Rh3 Qe7 16.Ne4 Nxe5 17.Ng5 Ng4 18.Bd3 f5 19.Re1 Rf6 20.Re2 Re8 21.Rh1 
Qd6 22.Rhe1 Re7 23.g3 Bc8 24.c3 Bd7 25.Bc2 Rf8 26.Kb1 Rfe8 27.Bxf5 Nf6 28.
Bc2 h6 29.Ne4 Nxe4 30.Rxe4 g6 31.Re5 Rg7 32.R1e3 a5 33.h5 gxh5 34.Rxh5 Kf7
35.Rxh6 Reg8 36.Qf6+ Ke8 37.Bg6+ Rxg6 38.Rxg6 Rxg6 39.Qxg6+ Kd8 40.f5 d4 
41.Qf6+ Kc7 42.Qxd4 1-0